000 01229cam a2200301 4500
001 3614735
005 20030603140110.0
008 731130s1961nyua |rb 000 0ceng d
010 _a 73021620
040 _aDLC
_cDLC
_dDLC
041 1 _aeng
_hcat
043 _ae-sp---
050 0 0 _aML410.C54
_bF513
082 0 0 _a786.10924
_bFER
100 1 _aFerra, Bartomeu
_d1893-1946.
_917485
245 1 0 _aChopin and George Sand in Majorca:
_c[by] Bartomeu Ferra; Translated from the Spanish by James Webb; Preceded by an extract from "The memoirs of Aurore Sand."
260 _aPalma de Mallorca:
_b[Ediciones La Cartuja] ,
_c[1936]
300 _a82, [4] p.:
_bill., ports. ;
_c20 cm.
500 _aTranslation of: Chopin i George Sand a la Cartoixa de Valldemosa.
504 _aBibliography: p. [87]
541 _aAlaa Abdel Ghany;
600 1 0 _aChopin, Frederic
_d1810-1849
_917483
600 1 0 _aSand, George,
_d1804-1876
_xRelations with men.
_917486
600 1 0 _aSand, George,
_d1804-1876
_917484
651 0 _aMajorca (Spain)
_vBiography.
_917487
942 _2ddc
_cBB
999 _c14660
_d14660